000 00645nam a2200229Ia 4500
003 OSt
005 20220923225915.0
006 a|||||r|||| 00| 0
007 ta
008 Pun
024 _a275,773
037 _cTextual
040 _aARTS
_cARTS
_bPun
041 _2Pun
_aPun
082 _aO153,1N16x, H9
100 _aਸਿੰਘ, ਪ੍ਰੀਤਮ, ਸਖ਼ੀਰ
245 0 _aਮੇਰੀ ਚੋਣਵੀ੍ਵ ਕਵਿਤਾ
260 _c1949
650 _aਪੰਜਾਬੀ ਸਾਹਿਤ
942 _hO153,1N16x, H9
_cTEXL
_2CC
999 _c381218
_d381218